| 000 | 00513cam a22001817a 4500 | ||
|---|---|---|---|
| 001 | 002432 | ||
| 003 | armpunfd | ||
| 005 | 20140612090707.0 | ||
| 008 | 110707e0####xx#a##########000#0#und#d | ||
| 040 |
_aarmpunfd _carmpunfd |
||
| 080 | _a347.91/95 G 937 | ||
| 100 | 1 | 0 | _a Guernik Miguel |
| 245 | 1 | 0 | _aDerecho practico: (metodologia aplicada al derecho) |
| 260 |
_a Uenos Aires: La Ley _b1974. 6ยช Ed. Act. |
||
| 650 | 7 |
_a Practica Procesal Civil _2LEMB |
|
| 942 |
_cLB _2cdu |
||
| 945 |
_aCatalis _d2010-08-19 |
||
| 999 |
_c2422 _d232926 |
||